<?xml version="1.0" encoding="UTF-8"?><?xml-stylesheet type="text/xsl" href="static/style.xsl"?><OAI-PMH xmlns="http://www.openarchives.org/OAI/2.0/" xmlns:xsi="http://www.w3.org/2001/XMLSchema-instance" xsi:schemaLocation="http://www.openarchives.org/OAI/2.0/ http://www.openarchives.org/OAI/2.0/OAI-PMH.xsd"><responseDate>2026-06-01T13:37:51Z</responseDate><request verb="GetRecord" identifier="oai:riuma.uma.es:10630/24740" metadataPrefix="marc">https://riuma.uma.es/rest/oai/request</request><GetRecord><record><header><identifier>oai:riuma.uma.es:10630/24740</identifier><datestamp>2026-02-03T11:04:59Z</datestamp><setSpec>com_10630_2254</setSpec><setSpec>col_10630_37953</setSpec></header><metadata><record xmlns="http://www.loc.gov/MARC21/slim" xmlns:dcterms="http://purl.org/dc/terms/" xmlns:doc="http://www.lyncode.com/xoai" xmlns:xsi="http://www.w3.org/2001/XMLSchema-instance" xsi:schemaLocation="http://www.loc.gov/MARC21/slim http://www.loc.gov/standards/marcxml/schema/MARC21slim.xsd">
   <leader>00925njm 22002777a 4500</leader>
   <datafield ind2=" " ind1=" " tag="042">
      <subfield code="a">dc</subfield>
   </datafield>
   <datafield ind2=" " ind1=" " tag="720">
      <subfield code="a">Moreno, Nathalie</subfield>
      <subfield code="e">author</subfield>
   </datafield>
   <datafield ind2=" " ind1=" " tag="720">
      <subfield code="a">Perez-Vereda, Alejandro</subfield>
      <subfield code="e">author</subfield>
   </datafield>
   <datafield ind2=" " ind1=" " tag="720">
      <subfield code="a">Vallecillo-Moreno, Antonio Jesús</subfield>
      <subfield code="e">author</subfield>
   </datafield>
   <datafield ind2=" " ind1=" " tag="260">
      <subfield code="c">2022-06</subfield>
   </datafield>
   <datafield ind2=" " ind1=" " tag="520">
      <subfield code="a">Reputation is a fundamental concept for making decisions about service providers. However, managing reputation&#xd;
in peer-to-peer distributed applications is not easy due to the lack of a central server that can compute this property from user&#xd;
opinions. Moreover, users have to marry this information with their individual trust in the service provider, which may be based&#xd;
on their past experiences, the opinions of their direct contacts, or both. This paper develops a reputation management system&#xd;
embedded in the Digital Avatars framework for collaborative social computing applications, using subjective logic. We show how&#xd;
the reputation of a given service provider can be calculated using the users’ opinions about it, and how this reputation can be&#xd;
explicitly represented, managed and combined with the trust that individual service requesters may have in them, in order to&#xd;
make better informed decisions</subfield>
   </datafield>
   <datafield ind1="8" ind2=" " tag="024">
      <subfield code="a">Nathalie Moreno, Alejandro Pérez-Vereda, Antonio Vallecillo: Managing Reputation in Collaborative Social Computing Applications. J. Object Technol. 21(3): 3:1-13 (2022)</subfield>
   </datafield>
   <datafield ind1="8" ind2=" " tag="024">
      <subfield code="a">https://hdl.handle.net/10630/24740</subfield>
   </datafield>
   <datafield ind1="8" ind2=" " tag="024">
      <subfield code="a">10.5381/jot.2022.21.3.a1</subfield>
   </datafield>
   <datafield tag="653" ind2=" " ind1=" ">
      <subfield code="a">Informática - Aplicaciones</subfield>
   </datafield>
   <datafield tag="653" ind2=" " ind1=" ">
      <subfield code="a">Redes sociales</subfield>
   </datafield>
   <datafield ind2="0" ind1="0" tag="245">
      <subfield code="a">Managing Reputation in Collaborative Social Computing Applications</subfield>
   </datafield>
</record>
</metadata></record></GetRecord></OAI-PMH>